El nicaragüense / (Record no. 17894)
[ view plain ]
| 000 -CABECERA | |
|---|---|
| campo de control de longitud fija | 00979cam a2200265 a 4500 |
| 001 - NÚMERO DE CONTROL | |
| campo de control | 000018373 |
| 005 - FECHA Y HORA DE LA ÚLTIMA TRANSACCIÓN | |
| campo de control | 20200929165459.0 |
| 008 - DATOS DE LONGITUD FIJA--INFORMACIÓN GENERAL | |
| campo de control de longitud fija | 770505s1969 sp a 000 j spa d |
| 035 ## - NÚMERO DE CONTROL DEL SISTEMA | |
| Número de control de sistema | (DLC) 74465668 |
| 035 ## - NÚMERO DE CONTROL DEL SISTEMA | |
| Número de control de sistema | (OCoLC)2942637 |
| 040 ## - FUENTE DE LA CATALOGACIÓN | |
| Centro catalogador/agencia de origen | DO-SdBNP |
| Centro/agencia transcriptor | InU |
| Centro/agencia modificador | DLC |
| -- | BNPHU |
| 042 ## - CÓDIGO DE AUTENTICACIÓN | |
| Código de autenticación | premarc |
| 043 ## - CÓDIGO DE ÁREA GEOGRÁFICA | |
| Código de área geográfica | ncnq--- |
| 082 ## - NÚMERO DE LA CLASIFICACIÓN DECIMAL DEWEY | |
| Número de clasificación | N863.4 |
| Número de documento/Ítem | C961n, 1969 |
| 049 ## - FONDOS LOCALES (OCLC) | |
| Fondos de biblioteca | BNPHU |
| 100 1# - ENTRADA PRINCIPAL--NOMBRE DE PERSONA | |
| Nombre de persona | Cuadra, Pablo Antonio, |
| Fechas asociadas al nombre | 1912-2002. |
| 9 (RLIN) | 34098 |
| 245 13 - MENCIÓN DE TÍTULO | |
| Título | El nicaragüense / |
| Mención de responsabilidad, etc. | Pablo Antonio Cuadra ; epílogo de José Coronel Urtecho. |
| 260 ## - PUBLICACIÓN, DISTRIBUCIÓN, ETC. | |
| Lugar de publicación, distribución, etc. | Madrid : |
| Nombre del editor, distribuidor, etc. | Cultura Hispánica, |
| Fecha de publicación, distribución, etc. | 1969. |
| 300 ## - DESCRIPCIÓN FÍSICA | |
| Extensión | 164 p. : |
| Otras características físicas | il. ; |
| Dimensiones | 18 cm. |
| 500 ## - NOTA GENERAL | |
| Nota general | El nicaragüense -- Otros escritos sobre el nicaragüense -- Epílogo sobre la universalidad nicaragüense, por José Coronel Urtecho. |
| 586 ## - NOTA DE PREMIOS | |
| Nota de premios | Premio Rubén Dario de Poesía Hispánica, 1964 |
| 650 #4 - PUNTO DE ACCESO ADICIONAL DE MATERIA--TÉRMINO DE MATERIA | |
| Término de materia o nombre geográfico como elemento de entrada | Cuentos nicaragüense |
| 9 (RLIN) | 25583 |
| 650 #4 - PUNTO DE ACCESO ADICIONAL DE MATERIA--TÉRMINO DE MATERIA | |
| Término de materia o nombre geográfico como elemento de entrada | Literatura nicaragüense |
| Subdivisión cronológica | SIGLO XX |
| 9 (RLIN) | 8729 |
| 910 ## - DATOS DE OPCIÓN DEL USUARIO (OCLC) | |
| Datos de opción del usuario | Catalogación por derivada / LC |
| Estado de retiro | Estado de pérdida | Restricciones de uso | No para préstamo | Código de colección | Localización permanente | Ubicación/localización actual | Ubicación en estantería | Fecha de adquisición | Número de inventario | Total de préstamos | Signatura topográfica completa | Código de barras | Fecha visto por última vez | Precio válido a partir de | Tipo de ítem Koha | Número de copia |
|---|---|---|---|---|---|---|---|---|---|---|---|---|---|---|---|---|
| Monografías: Libros y Folletos | General | General | En catalogación | 30.04.2010 | LF1 | N863.4 C961n, 1969 | 18373-10 | 25.06.2020 | 25.06.2020 | Préstamo en sala | ||||||
| Préstamo restrigido | Monografías: Libros y Folletos | General | General | En catalogación | 11.05.2010 | LF1 | N863.4 C961n, 1969 | 18373-20 | 25.06.2020 | 25.06.2020 | Préstamo en sala | e.2 |
